Elementary engineering drawing / (Record no. 10949)
[ view plain ]
| 000 -LEADER | |
|---|---|
| fixed length control field | 00462cam a2200193ua 4500 |
| 041 ## - LANGUAGE CODE | |
| Language code of text/sound track or separate title | eng |
| 082 ## - DEWEY DECIMAL CLASSIFICATION NUMBER | |
| Classification number | 604.2 |
| Item number | BHA/EL |
| 100 ## - MAIN ENTRY--AUTHOR NAME | |
| Personal name | Bhatt, N D. |
| 245 ## - TITLE STATEMENT | |
| Title | Elementary engineering drawing / |
| 250 ## - EDITION STATEMENT | |
| Edition statement | 32 / |
| 260 ## - PUBLICATION, DISTRIBUTION, ETC. (IMPRINT) | |
| Place of publication | Anand : |
| Name of publisher | Charotar publishing house , |
| Year of publication | 1992. |
| 300 ## - PHYSICAL DESCRIPTION | |
| Number of Pages | 600 ; . |
| 500 ## - GENERAL NOTE | |
| General note | *CSS |
| 942 ## - ADDED ENTRY ELEMENTS (KOHA) | |
| Koha item type | Books |
No items available.
